000 00329nam a22001457a 4500
008 210429b ||||| |||| 00| 0 eng d
020 _a9780393040029
041 _aeng
080 _a510
082 _a510
100 _a38
101 _aMAT
245 _aMathematics from the Birth of Numbers
_cJan Gullberg
942 _2udc
_cBK
999 _c56991
_d56991